Una epopeya inmortal

Furkejuvvon:
Bibliográfalaš dieđut
Váldodahkki: Espinoza Palma, Virgilio (Dahkki)
Materiálatiipa: Girji
Giella:espánnjágiella
Almmustuhtton: Santiago Gabriela Mistral ltda 1974
Fáttát:
Fáddágilkorat: Lasit fáddágilkoriid
Eai fáddágilkorat, Lasit vuosttaš fáddágilkora!

MARC

LEADER 00000nam a2200000 a 4500
001 UCH8159
003 CL-VaPUC
008 091127e19740000CL |||||||||||||||||spa|d
082 0 4 |a 983.05  |b ESP  |2 21 
100 0 |a Espinoza Palma, Virgilio  |e author  |9 544609 
245 1 4 |a Una epopeya inmortal 
300 |a 65 p 
942 |c BK 
945 |d 20091127 00:00:00  |a ccalabra 
260 |a Santiago  |b Gabriela Mistral ltda  |c 1974 
500 |a Homenaje del ejército y la juventud de Chile a los héroes de la concepción, 9-10 de julio de 1882 
650 0 |a Educación  |9 258661 
650 0 |a Historia de Chile  |9 265473 
650 7 |a HISTORIA DE CHILE 1830-1891  |2 CL-VaPUC  |9 544610 
650 0 |a Guerra de independencia   |9 327964 
651 7 |a CHILE  |2 CL-VaPUC  |9 544611 
583 |a last modification  |c 20091127 00:00:00  |k Rodrigo Vera 
999 |c 338399  |d 338397